000 01086nam a2200265Ia 4500
003 OSt
005 20221005104919.0
006 a|||||r|||| 00| 0
007 ta
008 221004b |||||||| |||| 00| 0 hin d
020 _a9788189399900 (hbk)
_cINR 495.00
024 _a29511
037 _b290, 07/03/2017, Eastern Book Linkers
_cTextual
040 _aCRL
_cCRL
_bhin
041 _2hin
_ahin
082 _aP152:1, Q6
100 _aशर्मा, कृष्ण कुमार
245 0 _aध्वनि सिद्धांत
_b एक नया मूल्यांकन
246 _aDhvani siddhāanta: ek nayā mūlyāankana
260 _aदिल्ली
_bसुभद्रा पब्लिशर्स भारत
_c2016
300 _a312पृ0
_ccm.
700 _a नन्दवाना, नवीन, संपा.
942 _hP152:1, Q6
_cTEXL
_2cc
999 _c1014172
_d1014172